[Event "Chessable Masters - Torneo preliminare"]
[White "Andreikin, Dmitry"]
[Black "Paravyan, David"]
[WhiteFideId "4158814"]
[BlackFideId "4194985"]
[WhiteElo "2628"]
[BlackElo "2598"]
[Result "0-1"]
[Round "4"]
[TimeControl "600+2"]
[Date "2023.03.13"]
[WhiteClock "0:00:18"]
[BlackClock "0:00:13"]

1. Nf3 {[%clk 0:10:01]}  Nf6 {[%clk 0:10:00]} 2. c4 {[%clk 0:10:00]}  c5 {[%clk 0:10:01]} 3. Nc3 {[%clk 0:09:51]}  Nc6 {[%clk 0:10:02]} 4. g3 {[%clk 0:09:52]}  d5 {[%clk 0:10:00]} 5. cxd5 {[%clk 0:09:52]}  Nxd5 {[%clk 0:10:02]} 6. Bg2 {[%clk 0:09:54]}  Nxc3 {[%clk 0:10:03]} 7. bxc3 {[%clk 0:09:53]}  e5 {[%clk 0:10:03]} 8. O-O {[%clk 0:09:51]}  Be7 {[%clk 0:10:05]} 9. d3 {[%clk 0:09:44]}  O-O {[%clk 0:10:06]} 10. Rb1 {[%clk 0:09:44]}  Qc7 {[%clk 0:09:50]} 11. Nd2 {[%clk 0:09:28]}  Rb8 {[%clk 0:09:50]} 12. c4 {[%clk 0:09:16]}  Bg4 {[%clk 0:09:36]} 13. Bb2 {[%clk 0:09:12]}  Nd4 {[%clk 0:09:34]} 14. Re1 {[%clk 0:08:41]}  Qd7 {[%clk 0:09:25]} 15. Bd5 {[%clk 0:08:29]}  b5 {[%clk 0:09:18]} 16. f3 {[%clk 0:07:59]}  Bf5 {[%clk 0:08:20]} 17. Ne4 {[%clk 0:07:49]}  Rb6 {[%clk 0:05:03]} 18. e3 {[%clk 0:06:54]}  Nc6 {[%clk 0:05:03]} 19. Nc3 {[%clk 0:06:55]}  bxc4 {[%clk 0:04:45]} 20. e4 {[%clk 0:06:54]}  Be6 {[%clk 0:04:40]} 21. dxc4 {[%clk 0:06:30]}  Nd4 {[%clk 0:04:41]} 22. Qd3 {[%clk 0:06:02]}  Rfb8 {[%clk 0:04:39]} 23. Ba3 {[%clk 0:06:03]}  Rxb1 {[%clk 0:03:56]} 24. Rxb1 {[%clk 0:06:05]}  Rxb1+ {[%clk 0:03:38]} 25. Qxb1 {[%clk 0:06:07]}  Qc8 {[%clk 0:03:04]} 26. Kg2 {[%clk 0:05:37]}  h5 {[%clk 0:02:46]} 27. Bc1 {[%clk 0:05:34]}  Bd8 {[%clk 0:02:25]} 28. Be3 {[%clk 0:05:26]}  Bb6 {[%clk 0:02:14]} 29. Qd1 {[%clk 0:04:19]}  Ba5 {[%clk 0:01:42]} 30. Bxe6 {[%clk 0:03:57]}  fxe6 {[%clk 0:01:33]} 31. Na4 {[%clk 0:03:48]}  Qc6 {[%clk 0:01:20]} 32. Nb2 {[%clk 0:03:43]}  Bc3 {[%clk 0:00:50]} 33. Nd3 {[%clk 0:03:22]}  Qa6 {[%clk 0:00:51]} 34. Bxd4 {[%clk 0:02:36]}  Bxd4 {[%clk 0:00:40]} 35. Qc2 {[%clk 0:02:36]}  Qa5 {[%clk 0:00:32]} 36. Kh3 {[%clk 0:02:36]}  Kh7 {[%clk 0:00:29]} 37. g4 {[%clk 0:02:19]}  hxg4+ {[%clk 0:00:27]} 38. fxg4 {[%clk 0:02:21]}  Qd8 {[%clk 0:00:25]} 39. Kg3 {[%clk 0:02:14]}  Be3 {[%clk 0:00:18]} 40. Qc3 {[%clk 0:01:25]}  Bg5 {[%clk 0:00:11]} 41. Kg2 {[%clk 0:01:19]}  Bf4 {[%clk 0:00:09]} 42. Nxe5 {[%clk 0:00:45]}  Qh4 {[%clk 0:00:10]} 43. h3 {[%clk 0:00:41]}  Qf6 {[%clk 0:00:11]} 44. Qf3 {[%clk 0:00:23]}  Bxe5 {[%clk 0:00:12]} 45. Qe3 {[%clk 0:00:18]}  Qf4 {[%clk 0:00:11]} 46. Qxf4 {[%clk 0:00:16]}  Bxf4 {[%clk 0:00:12]} 47. Kf3 {[%clk 0:00:18]}  Bg5 {[%clk 0:00:11]} 48. Kg3 {[%clk 0:00:19]}  Kg6 {[%clk 0:00:09]} 49. h4 {[%clk 0:00:21]}  Bf6 {[%clk 0:00:11]} 50. Kh3 {[%clk 0:00:21]}  Be7 {[%clk 0:00:10]} 51. e5 {[%clk 0:00:18]}  Bd8 {[%clk 0:00:09]} 52. Kg3 {[%clk 0:00:19]}  Kh6 {[%clk 0:00:11]} 53. a4 {[%clk 0:00:17]}  Kg6 {[%clk 0:00:12]} 54. Kh3 {[%clk 0:00:18]}  Bc7 {[%clk 0:00:13]} 0-1


[Site "Internet"]

[Event "Chessable Masters - Torneo preliminare"]
[White "Wei, Yi"]
[Black "Terry, Renato"]
[WhiteFideId "8603405"]
[BlackFideId "3803457"]
[WhiteElo "2716"]
[BlackElo "2472"]
[Result "1/2-1/2"]
[Round "4"]
[TimeControl "600+2"]
[Date "2023.03.13"]
[WhiteClock "0:00:09"]
[BlackClock "0:00:03"]

1. d4 {[%clk 0:09:51]}  d5 {[%clk 0:09:58]} 2. c4 {[%clk 0:09:52]}  dxc4 {[%clk 0:10:00]} 3. e4 {[%clk 0:09:51]}  e5 {[%clk 0:09:56]} 4. Nf3 {[%clk 0:09:50]}  exd4 {[%clk 0:09:57]} 5. Bxc4 {[%clk 0:09:50]}  Nc6 {[%clk 0:09:59]} 6. O-O {[%clk 0:09:40]}  Be6 {[%clk 0:09:59]} 7. Nbd2 {[%clk 0:09:32]}  Nf6 {[%clk 0:08:55]} 8. Qb3 {[%clk 0:06:41]}  Qd7 {[%clk 0:08:54]} 9. Ng5 {[%clk 0:06:39]}  Bxc4 {[%clk 0:08:50]} 10. Nxc4 {[%clk 0:06:39]}  Bc5 {[%clk 0:06:53]} 11. Bf4 {[%clk 0:03:54]}  O-O {[%clk 0:06:16]} 12. Qxb7 {[%clk 0:03:37]}  h6 {[%clk 0:06:00]} 13. Nf3 {[%clk 0:03:32]}  Nxe4 {[%clk 0:05:34]} 14. Rac1 {[%clk 0:03:08]}  Rfb8 {[%clk 0:04:26]} 15. Qxc7 {[%clk 0:03:06]}  Qxc7 {[%clk 0:04:25]} 16. Bxc7 {[%clk 0:03:07]}  Rc8 {[%clk 0:04:19]} 17. Bf4 {[%clk 0:02:20]}  Nb4 {[%clk 0:04:19]} 18. Rcd1 {[%clk 0:01:48]}  Nxa2 {[%clk 0:02:50]} 19. Nxd4 {[%clk 0:01:49]}  Nb4 {[%clk 0:02:42]} 20. Ne3 {[%clk 0:00:57]}  Re8 {[%clk 0:02:19]} 21. Nb3 {[%clk 0:00:50]}  Bb6 {[%clk 0:01:54]} 22. Nc4 {[%clk 0:00:48]}  Rad8 {[%clk 0:01:04]} 23. Nxb6 {[%clk 0:00:46]}  axb6 {[%clk 0:01:06]} 24. f3 {[%clk 0:00:18]}  Nf6 {[%clk 0:00:58]} 25. Nd4 {[%clk 0:00:09]}  Rd5 {[%clk 0:00:48]} 26. Nb3 {[%clk 0:00:04]}  Nd3 {[%clk 0:00:47]} 27. Bg3 {[%clk 0:00:04]}  Nxb2 {[%clk 0:00:45]} 28. Rxd5 {[%clk 0:00:05]}  Nxd5 {[%clk 0:00:47]} 29. Nd4 {[%clk 0:00:05]}  Nc3 {[%clk 0:00:38]} 30. Ra1 {[%clk 0:00:05]}  b5 {[%clk 0:00:27]} 31. h3 {[%clk 0:00:06]}  b4 {[%clk 0:00:26]} 32. Ra7 {[%clk 0:00:06]}  Rd8 {[%clk 0:00:20]} 33. Nc6 {[%clk 0:00:05]}  Rd2 {[%clk 0:00:18]} 34. Nxb4 {[%clk 0:00:05]}  Nc4 {[%clk 0:00:15]} 35. Bc7 {[%clk 0:00:05]}  Ne3 {[%clk 0:00:14]} 36. Bb6 {[%clk 0:00:05]}  Rxg2+ {[%clk 0:00:14]} 37. Kh1 {[%clk 0:00:06]}  Re2 {[%clk 0:00:15]} 38. Ra8+ {[%clk 0:00:03]}  Kh7 {[%clk 0:00:16]} 39. Bxe3 {[%clk 0:00:03]}  Rxe3 {[%clk 0:00:17]} 40. Ra3 {[%clk 0:00:03]}  Rxf3 {[%clk 0:00:13]} 41. Nd5 {[%clk 0:00:02]}  Rxh3+ {[%clk 0:00:11]} 42. Kg2 {[%clk 0:00:03]}  Nxd5 {[%clk 0:00:11]} 43. Kxh3 {[%clk 0:00:05]}  Kg6 {[%clk 0:00:12]} 44. Kh4 {[%clk 0:00:06]}  Nf6 {[%clk 0:00:09]} 45. Ra7 {[%clk 0:00:04]}  Nh7 {[%clk 0:00:10]} 46. Ra6+ {[%clk 0:00:05]}  f6 {[%clk 0:00:10]} 47. Kg4 {[%clk 0:00:06]}  Ng5 {[%clk 0:00:12]} 48. Kf4 {[%clk 0:00:07]}  h5 {[%clk 0:00:13]} 49. Rb6 {[%clk 0:00:08]}  Nf7 {[%clk 0:00:14]} 50. Ra6 {[%clk 0:00:08]}  Ne5 {[%clk 0:00:14]} 51. Rb6 {[%clk 0:00:09]}  Nd3+ {[%clk 0:00:12]} 52. Ke4 {[%clk 0:00:09]}  Nc5+ {[%clk 0:00:13]} 53. Kf4 {[%clk 0:00:09]}  Nd7 {[%clk 0:00:13]} 54. Ra6 {[%clk 0:00:08]}  Nf8 {[%clk 0:00:12]} 55. Rb6 {[%clk 0:00:08]}  Nh7 {[%clk 0:00:09]} 56. Ra6 {[%clk 0:00:07]}  Kh6 {[%clk 0:00:08]} 57. Ra7 {[%clk 0:00:05]}  g6 {[%clk 0:00:05]} 58. Rf7 {[%clk 0:00:06]}  f5 {[%clk 0:00:06]} 59. Ra7 {[%clk 0:00:04]}  h4 {[%clk 0:00:06]} 60. Ra8 {[%clk 0:00:05]}  Kg7 {[%clk 0:00:03]} 61. Ra7+ {[%clk 0:00:06]}  Kh6 {[%clk 0:00:05]} 62. Ra8 {[%clk 0:00:08]}  Kg7 {[%clk 0:00:03]} 63. Ra7+ {[%clk 0:00:09]}  Kh6 {[%clk 0:00:03]} 1/2-1/2


[Site "Internet"]

[Event "Chessable Masters - Torneo preliminare"]
[White "Mamedyarov, Shakhriyar"]
[Black "Narayanan, Srinath"]
[WhiteFideId "13401319"]
[BlackFideId "5018420"]
[WhiteElo "2703"]
[BlackElo "2482"]
[Result "1/2-1/2"]
[Round "4"]
[TimeControl "600+2"]
[Date "2023.03.13"]
[WhiteClock "0:00:41"]
[BlackClock "0:00:19"]

1. d4 {[%clk 0:10:01]}  d5 {[%clk 0:10:00]} 2. c4 {[%clk 0:10:02]}  dxc4 {[%clk 0:10:02]} 3. Nf3 {[%clk 0:10:03]}  Nf6 {[%clk 0:10:01]} 4. e3 {[%clk 0:10:03]}  e6 {[%clk 0:10:02]} 5. Bxc4 {[%clk 0:10:04]}  c5 {[%clk 0:10:01]} 6. O-O {[%clk 0:10:06]}  a6 {[%clk 0:10:02]} 7. b3 {[%clk 0:10:04]}  cxd4 {[%clk 0:09:48]} 8. Nxd4 {[%clk 0:10:04]}  Bd6 {[%clk 0:09:49]} 9. Bb2 {[%clk 0:10:00]}  O-O {[%clk 0:09:23]} 10. Nd2 {[%clk 0:09:29]}  e5 {[%clk 0:09:23]} 11. N4f3 {[%clk 0:09:29]}  Nc6 {[%clk 0:09:24]} 12. Qb1 {[%clk 0:09:24]}  Qe7 {[%clk 0:07:47]} 13. Ne4 {[%clk 0:08:30]}  Nxe4 {[%clk 0:07:26]} 14. Qxe4 {[%clk 0:08:30]}  Be6 {[%clk 0:07:27]} 15. Rfd1 {[%clk 0:07:42]}  Bxc4 {[%clk 0:06:15]} 16. bxc4 {[%clk 0:07:41]}  Ba3 {[%clk 0:05:32]} 17. Bxa3 {[%clk 0:07:16]}  Qxa3 {[%clk 0:05:34]} 18. Ng5 {[%clk 0:07:05]}  g6 {[%clk 0:05:35]} 19. Qh4 {[%clk 0:07:06]}  h5 {[%clk 0:05:35]} 20. g4 {[%clk 0:07:07]}  f6 {[%clk 0:04:24]} 21. Ne6 {[%clk 0:07:06]}  Rf7 {[%clk 0:04:20]} 22. gxh5 {[%clk 0:07:05]}  g5 {[%clk 0:04:21]} 23. Qe4 {[%clk 0:06:48]}  Qe7 {[%clk 0:04:18]} 24. Rd6 {[%clk 0:05:55]}  Kh8 {[%clk 0:03:47]} 25. Rad1 {[%clk 0:05:25]}  Nd4 {[%clk 0:03:33]} 26. Qd5 {[%clk 0:03:39]}  Ne2+ {[%clk 0:03:21]} 27. Kg2 {[%clk 0:03:29]}  Nc3 {[%clk 0:03:22]} 28. Rd8+ {[%clk 0:03:26]}  Kh7 {[%clk 0:02:11]} 29. Qd3+ {[%clk 0:02:12]}  e4 {[%clk 0:02:10]} 30. Qd6 {[%clk 0:01:42]}  Rxd8 {[%clk 0:01:34]} 31. Nxd8 {[%clk 0:01:29]}  Nxd1 {[%clk 0:01:26]} 32. Nxf7 {[%clk 0:01:30]}  Nxe3+ {[%clk 0:01:25]} 33. fxe3 {[%clk 0:01:31]}  Qxf7 {[%clk 0:01:27]} 34. Qd5 {[%clk 0:01:28]}  Qxh5 {[%clk 0:01:23]} 35. Qxe4+ {[%clk 0:01:28]}  Kh6 {[%clk 0:01:23]} 36. Kg3 {[%clk 0:01:25]}  Qe2 {[%clk 0:01:17]} 37. Qe7 {[%clk 0:01:10]}  Kg6 {[%clk 0:00:51]} 38. Qe8+ {[%clk 0:01:11]}  Kg7 {[%clk 0:00:48]} 39. Qe7+ {[%clk 0:01:11]}  Kg6 {[%clk 0:00:49]} 40. Qe4+ {[%clk 0:01:12]}  Kh6 {[%clk 0:00:50]} 41. a4 {[%clk 0:01:07]}  Qe1+ {[%clk 0:00:33]} 42. Kg4 {[%clk 0:01:08]}  Qf2 {[%clk 0:00:27]} 43. Kh3 {[%clk 0:00:58]}  f5 {[%clk 0:00:15]} 44. Qe6+ {[%clk 0:00:57]}  Kh5 {[%clk 0:00:15]} 45. Qf7+ {[%clk 0:00:56]}  Kh6 {[%clk 0:00:16]} 46. Qf6+ {[%clk 0:00:56]}  Kh5 {[%clk 0:00:17]} 47. Qf7+ {[%clk 0:00:52]}  Kh6 {[%clk 0:00:18]} 48. Qf6+ {[%clk 0:00:40]}  Kh5 {[%clk 0:00:19]} 49. Qf7+ {[%clk 0:00:41]} 1/2-1/2


[Site "Internet"]

[Event "Chessable Masters - Torneo preliminare"]
[White "Salem, A.R. Saleh"]
[Black "Vaibhav, Suri"]
[WhiteFideId "9301348"]
[BlackFideId "5045185"]
[WhiteElo "2654"]
[BlackElo "2543"]
[Result "1-0"]
[Round "4"]
[TimeControl "600+2"]
[Date "2023.03.13"]
[WhiteClock "0:00:07"]
[BlackClock "0:01:25"]

1. d4 {[%clk 0:09:48]}  Nf6 {[%clk 0:10:00]} 2. c4 {[%clk 0:09:49]}  e6 {[%clk 0:10:02]} 3. Nf3 {[%clk 0:09:51]}  d5 {[%clk 0:10:03]} 4. g3 {[%clk 0:09:53]}  dxc4 {[%clk 0:10:02]} 5. Bg2 {[%clk 0:09:53]}  c6 {[%clk 0:10:04]} 6. Ne5 {[%clk 0:09:43]}  Bb4+ {[%clk 0:10:04]} 7. Nc3 {[%clk 0:09:44]}  Nd5 {[%clk 0:10:02]} 8. Bd2 {[%clk 0:09:45]}  b5 {[%clk 0:10:01]} 9. a4 {[%clk 0:09:43]}  Bb7 {[%clk 0:09:42]} 10. O-O {[%clk 0:09:32]}  Bxc3 {[%clk 0:09:32]} 11. bxc3 {[%clk 0:09:31]}  Nd7 {[%clk 0:09:32]} 12. e4 {[%clk 0:08:32]}  N5f6 {[%clk 0:09:00]} 13. Ng4 {[%clk 0:08:33]}  O-O {[%clk 0:08:28]} 14. Bg5 {[%clk 0:08:25]}  Qc7 {[%clk 0:08:18]} 15. Nxf6+ {[%clk 0:08:01]}  Nxf6 {[%clk 0:08:18]} 16. Bxf6 {[%clk 0:08:02]}  gxf6 {[%clk 0:08:20]} 17. Qh5 {[%clk 0:07:50]}  c5 {[%clk 0:05:46]} 18. axb5 {[%clk 0:05:59]}  cxd4 {[%clk 0:05:45]} 19. cxd4 {[%clk 0:06:01]}  Rfd8 {[%clk 0:05:47]} 20. Qc5 {[%clk 0:06:02]}  Qb6 {[%clk 0:05:36]} 21. Rfd1 {[%clk 0:03:48]}  Rac8 {[%clk 0:04:24]} 22. Qe7 {[%clk 0:01:06]}  c3 {[%clk 0:03:25]} 23. Qxf6 {[%clk 0:01:06]}  c2 {[%clk 0:03:21]} 24. Qg5+ {[%clk 0:01:00]}  Kf8 {[%clk 0:03:15]} 25. Qh6+ {[%clk 0:01:00]}  Ke8 {[%clk 0:03:10]} 26. Rdc1 {[%clk 0:00:52]}  Rxd4 {[%clk 0:03:07]} 27. Bf3 {[%clk 0:00:35]}  Rd3 {[%clk 0:02:20]} 28. Be2 {[%clk 0:00:26]}  Rd7 {[%clk 0:02:16]} 29. Qxh7 {[%clk 0:00:22]}  Rd2 {[%clk 0:01:53]} 30. Qg8+ {[%clk 0:00:22]}  Kd7 {[%clk 0:01:47]} 31. Qxf7+ {[%clk 0:00:23]}  Kd8 {[%clk 0:01:47]} 32. Qf6+ {[%clk 0:00:14]}  Kd7 {[%clk 0:01:45]} 33. Qg7+ {[%clk 0:00:15]}  Kd6 {[%clk 0:01:43]} 34. e5+ {[%clk 0:00:10]}  Kc5 {[%clk 0:01:37]} 35. Qe7+ {[%clk 0:00:08]}  Kd5 {[%clk 0:01:25]} 36. Qd7+ {[%clk 0:00:07]}  Kxe5 {[%clk 0:01:24]} 37. Qxd2 {[%clk 0:00:08]}  Rf8 {[%clk 0:01:25]} 38. Qe3+ {[%clk 0:00:07]} 1-0


[Site "Internet"]

[Event "Chessable Masters - Torneo preliminare"]
[White "Kamsky, Gata"]
[Black "Bortnyk, Olexandr"]
[WhiteFideId "2000024"]
[BlackFideId "14120828"]
[WhiteElo "2630"]
[BlackElo "2643"]
[Result "1/2-1/2"]
[Round "4"]
[TimeControl "600+2"]
[Date "2023.03.13"]
[WhiteClock "0:00:50"]
[BlackClock "0:00:22"]

1. d4 {[%clk 0:09:59]}  d6 {[%clk 0:09:39]} 2. Nf3 {[%clk 0:09:55]}  Nf6 {[%clk 0:09:39]} 3. c4 {[%clk 0:09:52]}  g6 {[%clk 0:09:38]} 4. Nc3 {[%clk 0:09:52]}  Bg7 {[%clk 0:09:40]} 5. Bg5 {[%clk 0:09:52]}  Nbd7 {[%clk 0:09:26]} 6. e3 {[%clk 0:09:51]}  O-O {[%clk 0:08:46]} 7. Be2 {[%clk 0:09:48]}  c6 {[%clk 0:07:51]} 8. O-O {[%clk 0:09:46]}  Qc7 {[%clk 0:07:41]} 9. b4 {[%clk 0:09:43]}  e5 {[%clk 0:07:37]} 10. Rc1 {[%clk 0:09:25]}  Re8 {[%clk 0:07:33]} 11. Bh4 {[%clk 0:09:15]}  a5 {[%clk 0:07:15]} 12. b5 {[%clk 0:09:13]}  a4 {[%clk 0:07:17]} 13. a3 {[%clk 0:06:37]}  Qa5 {[%clk 0:06:20]} 14. h3 {[%clk 0:05:50]}  exd4 {[%clk 0:04:00]} 15. Nxd4 {[%clk 0:05:45]}  Ne5 {[%clk 0:03:24]} 16. bxc6 {[%clk 0:04:57]}  bxc6 {[%clk 0:03:22]} 17. Bg3 {[%clk 0:03:44]}  Bb7 {[%clk 0:03:02]} 18. Qc2 {[%clk 0:03:38]}  Nfd7 {[%clk 0:02:34]} 19. Rfd1 {[%clk 0:03:28]}  Nc5 {[%clk 0:02:32]} 20. Rb1 {[%clk 0:03:27]}  Re7 {[%clk 0:01:36]} 21. Ne4 {[%clk 0:02:50]}  Nxe4 {[%clk 0:01:29]} 22. Qxe4 {[%clk 0:02:51]}  Qc3 {[%clk 0:01:15]} 23. Qc2 {[%clk 0:02:04]}  Qxa3 {[%clk 0:01:13]} 24. Bh4 {[%clk 0:01:09]}  Rc7 {[%clk 0:01:07]} 25. Ra1 {[%clk 0:01:07]}  Qb4 {[%clk 0:01:07]} 26. Rdb1 {[%clk 0:00:58]}  Qa5 {[%clk 0:01:09]} 27. Ra3 {[%clk 0:00:59]}  c5 {[%clk 0:01:03]} 28. Nb5 {[%clk 0:00:57]}  Rd7 {[%clk 0:00:54]} 29. Rba1 {[%clk 0:00:57]}  Qb4 {[%clk 0:00:49]} 30. Rb1 {[%clk 0:00:50]}  Qa5 {[%clk 0:00:38]} 31. Rba1 {[%clk 0:00:50]}  Qb4 {[%clk 0:00:22]} 32. Rb1 {[%clk 0:00:50]}  Qa5 {[%clk 0:00:22]} 1/2-1/2


[Site "Internet"]

[Event "Chessable Masters - Torneo preliminare"]
[White "Sadhwani, Raunak"]
[Black "Antipov, Mikhail Al."]
[WhiteFideId "35093487"]
[BlackFideId "4107012"]
[WhiteElo "2550"]
[BlackElo "2593"]
[Result "0-1"]
[Round "4"]
[TimeControl "600+2"]
[Date "2023.03.13"]
[WhiteClock "0:00:07"]
[BlackClock "0:03:13"]

1. d4 {[%clk 0:10:01]}  Nf6 {[%clk 0:10:00]} 2. Nc3 {[%clk 0:10:02]}  d5 {[%clk 0:10:00]} 3. Bf4 {[%clk 0:10:02]}  g6 {[%clk 0:09:55]} 4. e3 {[%clk 0:10:02]}  Nh5 {[%clk 0:09:54]} 5. Bg5 {[%clk 0:09:46]}  f6 {[%clk 0:09:34]} 6. Bh4 {[%clk 0:09:44]}  c6 {[%clk 0:09:34]} 7. e4 {[%clk 0:09:10]}  Bh6 {[%clk 0:09:30]} 8. Bg3 {[%clk 0:07:46]}  Qb6 {[%clk 0:08:21]} 9. Rb1 {[%clk 0:07:26]}  dxe4 {[%clk 0:08:19]} 10. Nxe4 {[%clk 0:07:27]}  Bf5 {[%clk 0:08:19]} 11. Nc3 {[%clk 0:07:02]}  Na6 {[%clk 0:08:19]} 12. Bc4 {[%clk 0:05:57]}  e5 {[%clk 0:07:10]} 13. Nf3 {[%clk 0:05:10]}  exd4 {[%clk 0:07:07]} 14. Qe2+ {[%clk 0:03:56]}  Kd7 {[%clk 0:06:36]} 15. Nxd4 {[%clk 0:01:32]}  Rae8 {[%clk 0:06:09]} 16. Nxf5 {[%clk 0:01:25]}  Rxe2+ {[%clk 0:06:02]} 17. Bxe2 {[%clk 0:01:27]}  Nxg3 {[%clk 0:05:44]} 18. hxg3 {[%clk 0:01:27]}  Bf8 {[%clk 0:05:34]} 19. Nh4 {[%clk 0:01:20]}  Bg7 {[%clk 0:04:56]} 20. O-O {[%clk 0:01:12]}  f5 {[%clk 0:04:47]} 21. Bc4 {[%clk 0:01:01]}  Re8 {[%clk 0:04:34]} 22. Nf3 {[%clk 0:01:00]}  Qc5 {[%clk 0:04:22]} 23. Rfd1+ {[%clk 0:00:41]}  Kc7 {[%clk 0:04:21]} 24. Bxa6 {[%clk 0:00:24]}  bxa6 {[%clk 0:04:23]} 25. Rd3 {[%clk 0:00:26]}  Rd8 {[%clk 0:04:09]} 26. Re3 {[%clk 0:00:21]}  Qc4 {[%clk 0:03:34]} 27. a3 {[%clk 0:00:20]}  Bxc3 {[%clk 0:03:23]} 28. Rxc3 {[%clk 0:00:22]}  Qa2 {[%clk 0:03:24]} 29. Re1 {[%clk 0:00:10]}  Qxb2 {[%clk 0:03:24]} 30. Re7+ {[%clk 0:00:06]}  Rd7 {[%clk 0:03:23]} 31. Ree3 {[%clk 0:00:06]}  Rd1+ {[%clk 0:03:17]} 32. Kh2 {[%clk 0:00:07]}  Qa1 {[%clk 0:03:13]} 0-1


[Site "Internet"]

[Event "Chessable Masters - Torneo preliminare"]
[White "Drozdowski, Kacper"]
[Black "Dubov, Daniil"]
[WhiteFideId "1136720"]
[BlackFideId "24126055"]
[WhiteElo "2472"]
[BlackElo "2727"]
[Result "0-1"]
[Round "4"]
[TimeControl "600+2"]
[Date "2023.03.13"]
[WhiteClock "0:00:57"]
[BlackClock "0:05:52"]

1. e4 {[%clk 0:10:01]}  c5 {[%clk 0:09:56]} 2. Nf3 {[%clk 0:10:01]}  e6 {[%clk 0:09:58]} 3. d4 {[%clk 0:10:02]}  cxd4 {[%clk 0:10:00]} 4. Nxd4 {[%clk 0:10:03]}  Nf6 {[%clk 0:10:00]} 5. Nc3 {[%clk 0:10:03]}  Nc6 {[%clk 0:10:02]} 6. Nxc6 {[%clk 0:10:02]}  bxc6 {[%clk 0:10:03]} 7. e5 {[%clk 0:10:03]}  Nd5 {[%clk 0:10:03]} 8. Ne4 {[%clk 0:10:04]}  Qc7 {[%clk 0:10:01]} 9. f4 {[%clk 0:10:04]}  Qb6 {[%clk 0:10:02]} 10. c4 {[%clk 0:10:04]}  Ne3 {[%clk 0:10:01]} 11. Qd3 {[%clk 0:09:56]}  Bb4+ {[%clk 0:09:56]} 12. Bd2 {[%clk 0:09:48]}  Ba6 {[%clk 0:09:53]} 13. Rc1 {[%clk 0:08:42]}  Bxc4 {[%clk 0:09:41]} 14. Rxc4 {[%clk 0:08:12]}  Nxc4 {[%clk 0:09:41]} 15. Qxc4 {[%clk 0:08:11]}  Bxd2+ {[%clk 0:09:42]} 16. Nxd2 {[%clk 0:08:08]}  Qxb2 {[%clk 0:09:42]} 17. Bd3 {[%clk 0:07:48]}  O-O {[%clk 0:09:27]} 18. Ke2 {[%clk 0:07:40]}  Rab8 {[%clk 0:09:24]} 19. Rb1 {[%clk 0:07:15]}  Qa3 {[%clk 0:09:25]} 20. Qe4 {[%clk 0:07:15]}  g6 {[%clk 0:09:22]} 21. Rxb8 {[%clk 0:06:54]}  Rxb8 {[%clk 0:09:22]} 22. Qd4 {[%clk 0:06:55]}  Qxa2 {[%clk 0:08:16]} 23. Qxd7 {[%clk 0:06:54]}  Qd5 {[%clk 0:08:12]} 24. Qxd5 {[%clk 0:04:15]}  exd5 {[%clk 0:08:10]} 25. Bc2 {[%clk 0:04:05]}  Rb4 {[%clk 0:08:06]} 26. g3 {[%clk 0:04:01]}  a5 {[%clk 0:08:05]} 27. Nb1 {[%clk 0:03:27]}  a4 {[%clk 0:07:39]} 28. Kd2 {[%clk 0:03:26]}  c5 {[%clk 0:07:28]} 29. Kc3 {[%clk 0:02:53]}  h5 {[%clk 0:06:52]} 30. h4 {[%clk 0:02:50]}  Kf8 {[%clk 0:06:51]} 31. Nd2 {[%clk 0:01:42]}  Ke7 {[%clk 0:06:41]} 32. Nb1 {[%clk 0:01:17]}  Ke6 {[%clk 0:06:32]} 33. Na3 {[%clk 0:01:18]}  d4+ {[%clk 0:06:22]} 34. Kd2 {[%clk 0:01:09]}  Kd5 {[%clk 0:06:10]} 35. f5 {[%clk 0:00:57]}  gxf5 {[%clk 0:06:02]} 36. Bxf5 {[%clk 0:00:59]}  Rb3 {[%clk 0:05:53]} 37. Nc2 {[%clk 0:00:57]}  Rxg3 {[%clk 0:05:52]} 0-1


[Site "Internet"]

[Event "Chessable Masters - Torneo preliminare"]
[White "Keymer, Vincent"]
[Black "Chigaev, Maksim"]
[WhiteFideId "12940690"]
[BlackFideId "4108116"]
[WhiteElo "2630"]
[BlackElo "2568"]
[Result "1/2-1/2"]
[Round "4"]
[TimeControl "600+2"]
[Date "2023.03.13"]
[WhiteClock "0:00:14"]
[BlackClock "0:00:44"]

1. Nf3 {[%clk 0:10:01]}  Nf6 {[%clk 0:10:01]} 2. c4 {[%clk 0:10:02]}  g6 {[%clk 0:10:02]} 3. Nc3 {[%clk 0:10:01]}  Bg7 {[%clk 0:10:03]} 4. g3 {[%clk 0:10:02]}  O-O {[%clk 0:10:01]} 5. Bg2 {[%clk 0:10:03]}  c5 {[%clk 0:10:02]} 6. d4 {[%clk 0:10:03]}  d6 {[%clk 0:10:04]} 7. O-O {[%clk 0:10:00]}  Nc6 {[%clk 0:10:04]} 8. dxc5 {[%clk 0:10:01]}  dxc5 {[%clk 0:10:06]} 9. Be3 {[%clk 0:10:02]}  b6 {[%clk 0:09:49]} 10. Ne5 {[%clk 0:09:55]}  Nxe5 {[%clk 0:09:50]} 11. Bxa8 {[%clk 0:09:56]}  Nxc4 {[%clk 0:09:52]} 12. Bc1 {[%clk 0:09:50]}  Bf5 {[%clk 0:09:53]} 13. Bf3 {[%clk 0:09:37]}  Qxd1 {[%clk 0:09:47]} 14. Nxd1 {[%clk 0:08:26]}  h5 {[%clk 0:08:13]} 15. Nc3 {[%clk 0:06:12]}  Ng4 {[%clk 0:08:00]} 16. Bd5 {[%clk 0:05:45]}  Nd6 {[%clk 0:07:08]} 17. Bg5 {[%clk 0:05:32]}  Re8 {[%clk 0:06:34]} 18. Rad1 {[%clk 0:05:23]}  Nf6 {[%clk 0:06:11]} 19. Bg2 {[%clk 0:05:11]}  Kf8 {[%clk 0:05:18]} 20. b3 {[%clk 0:04:37]}  Rc8 {[%clk 0:04:47]} 21. Bf4 {[%clk 0:04:17]}  Nfe8 {[%clk 0:04:38]} 22. Nd5 {[%clk 0:04:15]}  Nb5 {[%clk 0:04:38]} 23. Bg5 {[%clk 0:04:11]}  Nf6 {[%clk 0:03:55]} 24. Nxf6 {[%clk 0:03:59]}  Bxf6 {[%clk 0:03:57]} 25. Bxf6 {[%clk 0:03:51]}  exf6 {[%clk 0:03:59]} 26. Rd2 {[%clk 0:03:53]}  Ke7 {[%clk 0:03:59]} 27. Rc1 {[%clk 0:03:48]}  a5 {[%clk 0:03:38]} 28. e3 {[%clk 0:03:27]}  Be6 {[%clk 0:03:05]} 29. Bf1 {[%clk 0:03:03]}  Na3 {[%clk 0:02:44]} 30. Rcd1 {[%clk 0:02:45]}  b5 {[%clk 0:02:07]} 31. Rd6 {[%clk 0:01:55]}  Bg4 {[%clk 0:02:03]} 32. R1d5 {[%clk 0:01:16]}  Bf3 {[%clk 0:00:53]} 33. Rd7+ {[%clk 0:01:09]}  Ke8 {[%clk 0:00:54]} 34. R5d6 {[%clk 0:01:00]}  c4 {[%clk 0:00:55]} 35. Ra7 {[%clk 0:00:37]}  c3 {[%clk 0:00:43]} 36. Rdd7 {[%clk 0:00:37]}  c2 {[%clk 0:00:44]} 37. Re7+ {[%clk 0:00:36]}  Kf8 {[%clk 0:00:46]} 38. Rxf7+ {[%clk 0:00:37]}  Kg8 {[%clk 0:00:41]} 39. Rg7+ {[%clk 0:00:37]}  Kh8 {[%clk 0:00:42]} 40. Rh7+ {[%clk 0:00:34]}  Kg8 {[%clk 0:00:43]} 41. Rag7+ {[%clk 0:00:30]}  Kf8 {[%clk 0:00:44]} 42. Rf7+ {[%clk 0:00:18]}  Kg8 {[%clk 0:00:40]} 43. Rhg7+ {[%clk 0:00:10]}  Kh8 {[%clk 0:00:40]} 44. Rh7+ {[%clk 0:00:10]}  Kg8 {[%clk 0:00:42]} 45. Rhg7+ {[%clk 0:00:12]}  Kh8 {[%clk 0:00:43]} 46. Rh7+ {[%clk 0:00:14]}  Kg8 {[%clk 0:00:44]} 1/2-1/2


[Site "Internet"]